Logistika : Z něm.orig /

Gespeichert in:
Bibliographische Detailangaben
1. Verfasser: Schulte, Christof (Verfasst von)
Format: Buch
Sprache:Tschechisch
Veröffentlicht: Praha : Victoria Publishing, a.s, 1994
Tags: Tag hinzufügen
Keine Tags, Fügen Sie das erste Tag hinzu!

MARC

LEADER 00000nam a22000003a 4500
001 stu17949
005 20150617225756.2
008 951013s1994----xr------------------cze-d
020 |a 80-85605-87-2 
040 |a STU  |b slo 
041 0 |a cze 
044 |a xr 
080 |a 330.115  |7 stu_us_auth*stu5734 
100 1 |a Schulte, Christof  |4 aut 
245 1 |a Logistika :  |b Z něm.orig /  |c [aut.]Schulte,Christof 
260 |a Praha :  |b Victoria Publishing, a.s,  |c 1994 
300 |a 301 s :  |b Tab.,grafy,index 
996 |b C93819  |c C*93819  |l CCXIV  |s P  |a 0  |w stu17949_0001